000 00332nam a2200133Ia 4500
008 240624s9999 xx 000 0 und d
041 _aeng
082 _a339 MIC
100 _aMICHL THOMAS R
245 _aMACROECONOMICS THEORY A SHORT COURSE
260 _c2003
_aNew Delhi
_bPrentice-Hall of India
300 _ax, : 270
365 _cRS
999 _c459
_d459